000 01238nam0a22002771 4500
001 rc\3478703
005 20130115140311.4
021 _aRU
_b[69-73369]
035 _a(NLR Aleph) 007643635
090 _a6152802
_c6152802
100 _a20130115d1969 |||y0rusy50 ca
101 0 _arus
102 _aRU
105 _ay z |||||
200 1 _aНекоторые вопросы истории КПСС, философии и политэкономии
_e[Сборник статей
_fОтв. редакторы П.Т. Нижник и др.]
_gМ-во связи СССР. Ташк. электротехн. ин-т связи
210 _aТашкент
_cФан
_d1969
215 _a192 с.
_d22
532 1 2 _aНекоторые вопросы истории Коммунистической партии Советского Союза, философии и политэкономии
606 _aОбщественные науки
_jСборники
_2psbo
702 1 _aНижник
_bП. Т.
_4340
712 0 2 _aТашкентский электротехнический ин-т связи
_3RU\NLR\AUTH\889932259
801 0 _aRU
_bNLR
_gpsbo
801 1 _aRU
_bELAR
_2rusmarc
852 _aNLR
_j69-5/4438
942 _cBOOK
980 _aNB